Hindu rites & rituals: (Record no. 11105)

MARC details
000 -LEADER
fixed length control field 00736 a2200205 4500
010 ## - LIBRARY OF CONGRESS CONTROL NUMBER
LC control number ENG-89642
020 ## - INTERNATIONAL STANDARD BOOK NUMBER
International Standard Book Number 8175263563
Terms of availability 350.00
035 ## - SYSTEM CONTROL NUMBER
System control number EN-73175
037 ## - SOURCE OF ACQUISITION
Source of stock number/acquisition DBAD / PUB
082 14 - DEWEY DECIMAL CLASSIFICATION NUMBER
Classification number 230.64
090 ## - LOCALLY ASSIGNED LC-TYPE CALL NUMBER (OCLC); LOCAL CALL NUMBER (OCLC)
-- 11420
-- 11420
100 1# - MAIN ENTRY--PERSONAL NAME
Personal name Sadhu, Mukundcharandas
245 1# - TITLE STATEMENT
Title Hindu rites & rituals:
Statement of responsibility, etc by Sadhu Mukundcharandas
Remainder of title (sentiments, sacraments & symbols)/
260 ## - PUBLICATION, DISTRIBUTION, ETC. (IMPRINT)
Name of publisher, distributor, etc Swaminarayan Aksharpith
Date of publication, distribution, etc 2007
Place of publication, distribution, etc Amdavad
270 ## - ADDRESS
Address Shahibaug,
City Amdavad
Postal code 4
300 ## - PHYSICAL DESCRIPTION
Extent xxxix, 512p.:
Dimensions 24 cm ( Pbk.)
Other physical details col. photos
500 ## - GENERAL NOTE
General note Includes bibliographical references & index.
942 ## - ADDED ENTRY ELEMENTS (KOHA)
Institution code [OBSOLETE] dpl
Koha item type English Books
Call number prefix 230.64 / SAD
Holdings
Withdrawn status Lost status Source of classification or shelving scheme Damaged status Not for loan Home library Current library Date acquired Cost, normal purchase price Total Checkouts Barcode Date last seen Uniform Resource Identifier Cost, replacement price Price effective from Koha item type
    Dewey Decimal Classification     Andrews Gunj D.B.Act.Division 01/10/2008 350.00   EN-73175 15/09/2008 12209 350.00 15/09/2008 English Books

© Delhi Public Library
Hit Counter
free hit counter